000
00236nam a2200097Ia 4500
001
683265
005
20250826161434.0
008
250824s9999 xx 000 0 und d
245
0
_a
KANLI MİNTAN
_c
HAKAN KAĞAN
260
_b
TİMAŞ YAYINLARI
999
_c
683265
_d
683265